000 00728cam a22001934a 4500
005 20250605164345.0
008 250528s ||||||||||||||||||||||||d
035 _a23867
040 _aGR-AtMCL
_bgre
_dGR-AtMCL
_eAACR2
245 1 _aThe Use and Abuse of Student Participants / Leadership, Working in Mental Health
260 _c2004
300 _a71
520 _aThe Use and Abuse of Student Participants, Science and Practice, Primary Care Mental Health Workers: Bridging the Gap, Psychology in Slovenia, Widening Our Research Base, Follow the Leader... but at What Cost?
700 1 _aSutton Jon
_99351
942 _cCR
710 2 _aThe British Psychological Society
_99823
999 _c8786
_d8786